00848 a2200169 45000010006000000050017000060080041000230030015000640400040000790800035001192450026001542640033001803000019002135050418002320410008006501000020006584010820260407155656.0260407a1973 arg spa dAR-UNSa-BCEJYS aAR-UNSa-BCEJYSbspacAR-UNSa-BCEJYS a347.72xSociedades comerciales10aSociedades Colectivas 1aBuenos Aires :bAstreac1973 a266 p.c20 cm. aGeneralidades: Ubicación de la sociedad colectiva en el marco general de las sociedades comerciales – 1. Definición legal de la sociedad colectiva – 2. Razón social – 3. Carácter de comerciante de los socios – 4. Administración – 5. Objeto – 6. Capital – 7. Relaciones de los socios entre sí – 8. Los socios frente a los terceros – 9. Disolución y liquidación de la sociedad -  aspa1 aRadresa, Emilio